000 01160aaa a2200313 a 4500
999 _c325955
_d325955
003 BLK
005 20250507115428.0
008 180804b bul||||| |||| 00| 0 bul d
020 _a978-954-655-884-8
040 _aBLK
041 _aBUL
_cBUL
072 _9178275
_aН83
_xЧужда художествена литература Н
080 _aАвстралийска литература
_b821.111(94)
_z821.111(94)-312.4
100 _aРайли, Матю
_eпърви автор
_91299
139 _aРайли, Матю
_bР 27
245 _aТрите тайни града
_bРоман
_cМатю Райли; прев. Венцислав Божилов
257 _aAUS
260 _bБард
_c2018
_aСофия
300 _a490 с.
_c20 см
380 _aX
659 7 _9178160
_aН
_xНови книги
700 _aБожилов, Венцислав Божидаров
_cТеодосиев, Стефан, 1968- (псевдоним)
_d1968-
_9367877
852 _bП
_cП 820(9)-31/Р 27
942 _cKNG
_2udc
_n0
_066
999 _d325955
999 _d323139
999 _d323139
944 _k30542
_lРусанова Ирена